Lidské zdroje na trhu práce ČR a EU
| Main Author: | |
|---|---|
| Format: | Book |
| Language: | Czech English Slovak |
| PhysicalDescription: | 175 s. ilustr., grafy 21 cm |
| Published: |
České Budějovice
Vysoká škola evropských a regionálních studií, o.p.s.,
2015
|
| ISBN: | 9788087472873 |
| Series: | Studia
|
| Subjects: |
MARC
| LEADER | 00000cam a2200000 ab4500 | ||
|---|---|---|---|
| 001 | vtls011428097 | ||
| 003 | SK-MaSNL | ||
| 005 | 20260426020105.0 | ||
| 008 | 240318s2015 xr a g 000 0 cze | ||
| 015 | |a SNBZSA2016 | ||
| 020 | |a 9788087472873 |q (brožované) | ||
| 035 | |a 75FE2CAF-E1E8-419D-A467-E88529638116 | ||
| 035 | |a urn:nbn:sk:snk-amlldo | ||
| 035 | |a urn:nbn:sk:snk-am00bovp | ||
| 040 | |a SNK |b slo |c SNK |e AACR2 | ||
| 041 | 0 | |a cze |a eng |a slo |b cze |b eng | |
| 043 | |a e-xr--- |a e------ | ||
| 044 | |a xr |c CZ | ||
| 072 | 7 | |a 331 |x Práca |2 konspekt | |
| 080 | |a 331.5 |2 2011 | ||
| 080 | |a 331.108.23 |2 2011 | ||
| 080 | |a (437.3) |2 2011 | ||
| 080 | |a (4) |2 2011 | ||
| 080 | |a (048.8:082) |2 2011 | ||
| 100 | 1 | |a Dušek, Jiří, |d 1980- |4 aut |9 178723 | |
| 245 | 1 | 0 | |a Lidské zdroje na trhu práce ČR a EU |c Jiří Dušek a kol. |
| 260 | |a České Budějovice |b Vysoká škola evropských a regionálních studií, o.p.s., |c 2015 | ||
| 300 | |a 175 s. |b ilustr., grafy |c 21 cm | ||
| 490 | 1 | |a Studia | |
| 504 | |a Bibliogr. odkazy | ||
| 546 | |a Čiastočne anglický a slovenský text, resumé v českom a anglickom jazyku | ||
| 650 | 0 | 7 | |a trh práce |2 SNKPH |9 2371 |
| 650 | 0 | 7 | |a Labour market |2 SNKPHeng |9 270171 |
| 650 | 0 | 7 | |a ľudské zdroje |2 SNKPH |9 1746 |
| 650 | 0 | 7 | |a Human capital |2 SNKPHeng |9 265623 |
| 651 | 7 | |a Česko |2 SNKPH |9 16753 | |
| 651 | 7 | |a krajiny Európskej únie |2 SNKPH |9 31482 | |
| 651 | 7 | |a Czechia |2 SNKPHeng |9 170107 | |
| 651 | 7 | |a European Union countries |2 SNKPHeng |9 276031 | |
| 655 | 7 | |a kolektívne monografie |2 SNKPH |9 249850 | |
| 655 | 7 | |a Collective monographs |2 SNKPHeng |9 125747 | |
| 810 | 2 | |a Vysoká škola evropských a regionálních studií. |t Studia |9 333367 | |
| 830 | 0 | |a Studia |9 292254 | |
| 852 | |a Štátna vedecká knižnica v Banskej Bystrici | ||
| 919 | |a 978-80-87472-87-3 | ||
| 958 | |a ZS | ||
| 958 | |a NB | ||
| 999 | |c 1202113 |d 1204043 | ||
| 952 | |a SNK |b SNK |y PREZ |7 0 |p 17A1193617 |o snkSC 169374 |i snk2016/10635 |8 4 |g 7.61 |0 0 |1 0 |4 0 |d 2016-04-20 |f 1 |l 0 |r 2026-02-24 22:45:57 |w 2026-02-24 | ||


